| 000 | 00584nam a2200181 a 4500 | ||
|---|---|---|---|
| 001 | 000002432 | ||
| 005 | 20200929150208.0 | ||
| 008 | 090702s1996 sp a 000 0 spa d | ||
| 020 | _a8489384088 | ||
| 082 |
_a305.2309 _bH673i |
||
| 245 | 0 | 0 | _aHistoria de la infancia de la España contemporánea 1834 - 1936. |
| 260 |
_aMadrid, : _bFundación Germán Sánchez Ruipérez, _c1996. |
||
| 300 |
_a580 p. : _bil. ; _c28cm. |
||
| 500 | _aIncluye índice | ||
| 650 | 4 |
_aNiños españoles _xHistoria social _y1934-1936 _97700 |
|
| 700 | 1 |
_aBorrás Llop, José María _97701 |
|
| 999 |
_c2268 _d2268 |
||
| 040 | _aDO-SdBNP | ||